Visualizzazione normale
Vista MARC
- Obispos
di Topical Term
Records bibliografici associati: 1
001 - CONTROL NUMBER
- control field: 27420
003 - CONTROL NUMBER IDENTIFIER
- control field: IT-RoINE
005 - DATE AND TIME OF LATEST TRANSACTION
- control field: 20161202071117.0
008 - FIXED-LENGTH DATA ELEMENTS
- fixed length control field: 161104|| aca||aabn | a|a d
040 ## - CATALOGING SOURCE
- Original cataloging agency: IT-RoINE
- Transcribing agency: IT-RoINE
150 ## - HEADING--TOPICAL TERM
- Topical term or geographic name as entry element: Obispos
- Geographic subdivision: España
- Geographic subdivision: Calahorra (Diócesis)
- Form subdivision: Historia
- General subdivision: Siglo 15o.
670 ## - SOURCE DATA FOUND
- Source citation: Work cat.: (IT-RoINE)0: Groizard y Coronado, Carlos, 1858-1934 27417, La Diócesis de Calahorra en el siglo XV :, 1913.